| 000 | 00922nam a2200229 i 4500 | ||
|---|---|---|---|
| 001 | 141182 | ||
| 003 | ES-MaACL | ||
| 005 | 20251103230952.0 | ||
| 007 | t| | ||
| 008 | 070920s1920 sp ||||1| cat d | ||
| 100 | 1 |
_aWurm, A. _9117453 |
|
| 245 | 1 | 0 |
_aI. Contribució al coneixement del Triáasic de Catalunya ; II. Qelcom sobre el Triáasic de la província de Tarragona / _cper A. Wurm ; traduït al cataláa pel Dr. M. Faura i Sans. |
| 260 |
_aPalamós : _bLlorens Castelló, _c1920. |
||
| 300 |
_a11 p. ; _c22 cm. |
||
| 500 | _aNúmero monográfico de: "Butlletí de la Institució Catalana d'Histáoria Natural", octubre de 1920. | ||
| 650 | 1 | 7 |
_aGeología _2embne _913086 |
| 650 | 1 | 4 |
_aEstratigrafía- _xTriásico. _912563 |
| 651 | 4 |
_aCataluña- _xHistoria- _yEpoca prehistórica. _98016 |
|
| 700 | 1 |
_aFaura i Sans, M., _d1883-1941 _948954 |
|
| 852 |
_aES-MaACL _j1621-F-12 |
||
| 999 |
_c141182 _d141182 |
||